De les aules a l'escenari : IT Dansa Jove Companyia de l'Institut del Teatre : V aniversari IT Dansa Jove Companyia de l'Institut del Teatre :
ISBN:
84-7794-918-2
Descripción Física:
95 p. : il. (algunes col.) ; 19 cm
MARC
| LEADER | 00000nam a2200000Ia 4500 | ||
|---|---|---|---|
| 001 | 15331 | ||
| 003 | BGR | ||
| 005 | 20260324175738.0 | ||
| 008 | 160829s2003 xx 000 0 cat d | ||
| 020 | |a 84-7794-918-2 | ||
| 080 | |a B-2-33 | ||
| 110 | 2 | |a Institut del Teatre (Barcelona, Catalunya). IT Dansa |9 71051 | |
| 245 | |a De les aules a l'escenari : |b IT Dansa Jove Companyia de l'Institut del Teatre : |b V aniversari | ||
| 260 | |a Barcelona : |b Diputació de Barcelona, Xarxa de Municipis, Institut del Teatre, |c 2003 | ||
| 300 | |a 95 p. : |b il. (algunes col.) ; |c 19 cm | ||
| 650 | |a IT Dansa |x Història |9 39818 | ||
| 650 | |a Dansa moderna |9 40086 | ||
| 650 | |a Coreografia I |9 39819 | ||
| 650 | |a IT Dansa |x Història II. IT Dansa |x Escenificacions |x Fotografies |9 39820 | ||
| 710 | 1 | |a Institut del Teatre (Barcelona, Catalunya) |9 52662 | |
| 901 | |a Arxiu | ||
| 942 | |n 1 |2 udc |c MON | ||
| 952 | |0 0 |1 0 |4 0 |6 B233 |7 1 |9 49241 |a Arxiu |b Arxiu |d 2016-12-01 |l 0 |o B-2-33 |p 15331 |r 2016-12-01 00:00:00 |w 2016-12-01 |y ARXIU | ||
| 999 | |c 53081 |d 53081 | ||